| 000 | 00825ngm a22003010a 4500 | ||
|---|---|---|---|
| 001 | PT19581 | ||
| 003 | AR-LpoUNG | ||
| 005 | 20210202000321.0 | ||
| 007 | vd cvaizq | ||
| 008 | 191001s1983||||ag |||||||||||||||||spa d | ||
| 037 | _c$9.96 | ||
| 040 |
_aAR-LpoUNG _bspa _cAR-LpoUNG _eaacr |
||
| 041 | _aspa | ||
| 044 | _aag | ||
| 082 | 0 | _a808.87 578sen | |
| 100 | 1 |
_aJones, Terry _edir. |
|
| 245 | 1 | 3 | _aEl sentido de la vida = The meaning of life |
| 260 |
_aBuenos Aires : _bBritish Universal, _c1983. |
||
| 300 | _aVHS (90 min.) : son, col. | ||
| 505 | 0 | _aFotografía: Peter Hannan - Producción: Harry Lange. | |
| 520 | _aIroniza sobre lo divino y lo humano. | ||
| 650 | 4 | _aSATIRA | |
| 651 | 4 | _aMundial | |
| 653 | _aVIDEOS | ||
| 710 | 2 | _aMonty Python (grupo humorístico) | |
| 905 | _a19581 | ||
| 942 | _cVIDEO | ||
| 999 |
_c54604 _d54604 |
||